Online
Catalog

El discurso : (Record no. 51308)

MARC details
000 -CABECERA
campo de control de longitud fija 01626nam a2200457 4500
003 - IDENTIFICADOR DEL NÚMERO DE CONTROL
campo de control DO-SdBNP
005 - FECHA Y HORA DE LA ÚLTIMA TRANSACCIÓN
campo de control 20220321101715.0
007 - CAMPO FIJO DE DESCRIPCIÓN FÍSICA--INFORMACIÓN GENERAL
campo de control de longitud fija ta
008 - DATOS DE LONGITUD FIJA--INFORMACIÓN GENERAL
campo de control de longitud fija 220202b2019 |a||e |||| 001 0dspa d
020 ## - NÚMERO INTERNACIONAL ESTÁNDAR DEL LIBRO
Número Internacional Estándar del Libro 97899933445289
040 ## - FUENTE DE LA CATALOGACIÓN
Centro catalogador/agencia de origen DO-SdBNP
Lengua de catalogación spa
Centro/agencia transcriptor BNPHU
082 #4 - NÚMERO DE LA CLASIFICACIÓN DECIMAL DEWEY
Número de clasificación 808.5
Número de documento/Ítem G216d
Número de edición 22
100 1# - ENTRADA PRINCIPAL--NOMBRE DE PERSONA
Nombre de persona García Molina, Bartolo
9 (RLIN) 6
245 13 - MENCIÓN DE TÍTULO
Título El discurso :
Resto del título categorías y estrategias /
250 ## - MENCIÓN DE EDICIÓN
Mención de edición 2da.
260 ## - PUBLICACIÓN, DISTRIBUCIÓN, ETC.
Lugar de publicación, distribución, etc. Santo Domingo :
Nombre del editor, distribuidor, etc. Surco,
Fecha de publicación, distribución, etc. 2019.
300 ## - DESCRIPCIÓN FÍSICA
Extensión 284 p. :
Otras características físicas il., fot. ;
Dimensiones 23 cm.
500 ## - NOTA GENERAL
Nota general Incluye índice.
501 ## - NOTA DE "CON"
Nota de “Con” Incluye datos biográficos del autor, en la solapa de la portada del libro.
504 ## - NOTA DE BIBLIOGRAFÍA, ETC.
Nota de bibliografía, etc. Bibliografía : p. 271-283.
505 ## - NOTA DE CONTENIDO CON FORMATO
Nota de contenido con formato Capítulo I. Orígenes de los estudios del discurso.
505 ## - NOTA DE CONTENIDO CON FORMATO
Nota de contenido con formato Capítulo II. Teoría del discurso.
505 ## - NOTA DE CONTENIDO CON FORMATO
Nota de contenido con formato Capítulo III. Escrituras y géneros del discurso.
505 ## - NOTA DE CONTENIDO CON FORMATO
Nota de contenido con formato Capítulo IV. Estrategia del discurso.
505 ## - NOTA DE CONTENIDO CON FORMATO
Nota de contenido con formato Capítulo V. Pragmática y discurso.
505 ## - NOTA DE CONTENIDO CON FORMATO
Nota de contenido con formato Capítulo VI. Competencias y discurso.
505 ## - NOTA DE CONTENIDO CON FORMATO
Nota de contenido con formato Capítulo VII. Signo, Discurso y Percepción.
505 ## - NOTA DE CONTENIDO CON FORMATO
Nota de contenido con formato Capítulo VIII. Discurso y Cognición.
505 ## - NOTA DE CONTENIDO CON FORMATO
Nota de contenido con formato Capítulo IX. Discurso y Poder.
505 ## - NOTA DE CONTENIDO CON FORMATO
Nota de contenido con formato Capítulo X. Enfoque crítico del discurso.
505 ## - NOTA DE CONTENIDO CON FORMATO
Nota de contenido con formato Epílogo.
505 ## - NOTA DE CONTENIDO CON FORMATO
Nota de contenido con formato Bibliografía.
590 ## - NOTA LOCAL (RLIN)
Nota local Inventariado, 2022 / SA
650 #4 - PUNTO DE ACCESO ADICIONAL DE MATERIA--TÉRMINO DE MATERIA
Término de materia o nombre geográfico como elemento de entrada Análisis del discurso.
9 (RLIN) 81098
650 #4 - PUNTO DE ACCESO ADICIONAL DE MATERIA--TÉRMINO DE MATERIA
Término de materia o nombre geográfico como elemento de entrada Retórica
9 (RLIN) 81099
650 #4 - PUNTO DE ACCESO ADICIONAL DE MATERIA--TÉRMINO DE MATERIA
Término de materia o nombre geográfico como elemento de entrada Redacción de escritos técnicos.
9 (RLIN) 81100
650 #4 - PUNTO DE ACCESO ADICIONAL DE MATERIA--TÉRMINO DE MATERIA
Término de materia o nombre geográfico como elemento de entrada Pragmática
9 (RLIN) 81101
700 1# - PUNTO DE ACCESO ADICIONAL--NOMBRE DE PERSONA
Nombre de persona Brea, Gregoria,
Término indicativo de función/relación Revisión y corrección
9 (RLIN) 76199
910 ## - DATOS DE OPCIÓN DEL USUARIO (OCLC)
Datos de opción del usuario Saquino
942 ## - ELEMENTOS DE PUNTO DE ACCESO ADICIONAL (KOHA)
Fuente del sistema de clasificación o colocación Dewey Decimal Classification
Tipo de ítem Koha Libro
Holdings
Estado de retiro Estado de pérdida Fuente del sistema de clasificación o colocación Restricciones de uso No para préstamo Código de colección Localización permanente Ubicación/localización actual Ubicación en estantería Fecha de adquisición Fuente de adquisición Total de préstamos Signatura topográfica completa Código de barras Fecha visto por última vez Precio válido a partir de Tipo de ítem Koha Número de copia
    Dewey Decimal Classification Préstamo restringido   Patrimonio Dominicano Biblioteca Nacional Pedro Henríquez Ureña Biblioteca Nacional Pedro Henríquez Ureña En catalogación 11.09.2019 Donado   BNPHU PD 808.5 G216d 2022-0493 02.02.2022 02.02.2022 Libro  
    Dewey Decimal Classification Préstamo restringido   Patrimonio Dominicano Biblioteca Nacional Pedro Henríquez Ureña Biblioteca Nacional Pedro Henríquez Ureña En catalogación 11.09.2019 Donado   BNPHU PD 808.5 G216d 2022-0494 02.02.2022 02.02.2022 Libro e.2
    Dewey Decimal Classification Préstamo en sala   Dominicana de Servicio Biblioteca Nacional Pedro Henríquez Ureña Biblioteca Nacional Pedro Henríquez Ureña En catalogación 11.09.2019 Donado   BNPHU DS 808.5 G216d 2022-0495 02.02.2022 02.02.2022 Libro e.3
    Dewey Decimal Classification Préstamo en sala   Dominicana de Servicio Biblioteca Nacional Pedro Henríquez Ureña Biblioteca Nacional Pedro Henríquez Ureña En catalogación 21.03.2022 Donación   BNPHU DS 808.5 G216d 2022-0934 21.03.2022 21.03.2022 Libro e.4
    Dewey Decimal Classification Préstamo en sala   Dominicana de Servicio Biblioteca Nacional Pedro Henríquez Ureña Biblioteca Nacional Pedro Henríquez Ureña En catalogación 21.03.2022 Donación   BNPHU DS 808.5 G216d 2022-0935 21.03.2022 21.03.2022 Libro e.5

Powered by Koha